|
|
|
|
| LEADER |
00000cam a2200000 a 4500 |
| 001 |
vtls011634900 |
| 003 |
SK-MaSNL |
| 005 |
20260302054816.0 |
| 008 |
240313s2017 xo gr 000 0 slo |
| 015 |
|
|
|a SNBA2017/08
|
| 020 |
|
|
|a 9788081910708
|q (brožované)
|
| 035 |
|
|
|a urn:nbn:sk:snk-am00djsb
|
| 035 |
|
|
|a urn:nbn:sk:snk-am3i4i5
|
| 035 |
|
|
|a A0260D5F-292F-4F3C-A632-CAC5BC39F7CB
|
| 040 |
|
|
|a SNK
|b slo
|c SNK
|e AACR2
|
| 041 |
0 |
|
|a slo
|
| 044 |
|
|
|a xo
|c SK
|
| 072 |
|
7 |
|a 27-4
|x Praktická teológia. Morálna teológia
|2 konspekt
|
| 072 |
|
7 |
|a 0/9-053.2
|x Literatúra pre deti a mládež (náučná)
|2 konspekt
|
| 080 |
|
|
|a 316.346.32-053.6
|2 2011
|
| 080 |
|
|
|a 27-4
|2 2011
|
| 080 |
|
|
|a (0:82-32)
|2 2011
|
| 080 |
|
|
|a 821-32
|2 2011
|
| 080 |
|
|
|a 82-93-053.2/.6
|2 2011
|
| 080 |
|
|
|a (03)82-93-053.4/.6
|2 2011
|
| 100 |
1 |
|
|a Hubeňáková, Júlia
|4 aut
|9 334476
|
| 245 |
1 |
0 |
|a Spoznávam Ježiša
|b nedeľné evanjeliá pre tínedžerov
|c Júlia Hubeňáková
|
| 260 |
|
|
|a Trnava
|b Dobrá kniha
|c 2017
|
| 300 |
|
|
|a 245 s.
|c 21 cm
|
| 504 |
|
|
|a Prehľad úryvkov z evanjelií s.: 244-246
|
| 600 |
0 |
7 |
|a Ježiš Kristus
|2 SNKMA
|
| 630 |
0 |
7 |
|a Biblia
|p Evanjeliá
|2 SNK
|9 162776
|
| 650 |
0 |
7 |
|a dospievajúca mládež
|2 SNKPH
|9 772
|
| 650 |
0 |
7 |
|a kresťanský život
|2 SNKPH
|9 1808
|
| 650 |
0 |
7 |
|a Adolescents
|2 SNKPHeng
|9 312786
|
| 650 |
0 |
7 |
|a Christian life
|2 SNKPHeng
|9 265582
|
| 655 |
|
7 |
|a príbehy
|2 SNKPH
|9 70507
|
| 655 |
|
7 |
|a Stories
|2 SNKPHeng
|9 265785
|
| 655 |
|
7 |
|a publikácie pre deti a mládež
|2 SNKPH
|9 70541
|
| 655 |
|
7 |
|a Publications for children and youth
|2 SNKPHeng
|9 285708
|
| 852 |
|
|
|a Štátna vedecká knižnica v Banskej Bystrici
|
| 919 |
|
|
|a 978-80-8191-070-8
|
| 958 |
|
|
|a TL
|
| 958 |
|
|
|a NB
|
| 958 |
|
|
|a NT
|
| 958 |
|
|
|a LX
|
| 999 |
|
|
|c 1114835
|d 1116765
|
| 952 |
|
|
|a SNK
|b SNK
|y PREZ
|7 0
|p 17A1269279
|o snkSC 175468
|i snk2017/16356
|8 0
|0 0
|1 0
|4 0
|d 2017-07-13
|f 1
|l 0
|r 2025-09-17 00:00:00
|w 2026-02-24
|
| 952 |
|
|
|a SNK
|b SNK
|y VYP
|7 0
|p 17A1269280
|o snkSC 175468 D1
|i snk2017/16357
|8 0
|0 0
|1 0
|4 0
|d 2017-07-13
|l 0
|r 2026-02-24 18:12:58
|w 2026-02-24
|